| 000 | 00556nam a2200169 4500 | ||
|---|---|---|---|
| 001 | 145130 | ||
| 003 | ES-MaACL | ||
| 005 | 20230906201153.0 | ||
| 007 | t| | ||
| 008 | 070214s1965 sp r ||||1| spa d | ||
| 100 | 1 |
_aSonnet, André. _9107300 |
|
| 245 | 1 | 3 |
_aEl misterioso mundo de los sueños _b: causas e interpretaciones / _cAndré Sonnet ; traducción de Juan Godó Costa. |
| 260 |
_a[Barcelona] : _bZeus, _c[1965] ( _fAlgueró y Baigés) |
||
| 300 |
_a299 p. ; _c21 cm. |
||
| 700 | 1 |
_aGodo Costa, Juan. _957532 |
|
| 852 |
_aES-MaACL _jC-27662 _bR.56880 |
||
| 999 |
_c145130 _d145130 |
||